Entry Personal Name
Number of records used in: 2
001 - CONTROL NUMBER
003 - CONTROL NUMBER IDENTIFIER
005 - DATE AND TIME OF LATEST TRANSACTION
- control field:
20210810103051.0
008 - FIXED-LENGTH DATA ELEMENTS
- fixed length control field:
890705n| acannaabn |a aaa
010 ## - LIBRARY OF CONGRESS CONTROL NUMBER
- LC control number:
n 89637543
035 ## - SYSTEM CONTROL NUMBER
- System control number:
(OCoLC)oca02555062
040 ## - CATALOGING SOURCE
- Original cataloging agency:
DLC
- Language of cataloging:
eng
- Transcribing agency:
DLC
- Modifying agency:
DLC
- Modifying agency:
OCoLC
- Modifying agency:
MX-SlUA
100 1# - HEADING--PERSONAL NAME
- Personal name:
Carmo, Manfredo Perdigão do
400 1# - SEE FROM TRACING--PERSONAL NAME
- Personal name:
Perdigão do Carmo, Manfredo
400 1# - SEE FROM TRACING--PERSONAL NAME
- Personal name:
Do Carmo, Manfredo Perdigão
400 1# - SEE FROM TRACING--PERSONAL NAME
- Personal name:
Carmo, Manfredo P. do
- Fuller form of name:
(Manfredo Perdigao do)
670 ## - SOURCE DATA FOUND
- Source citation:
nuc88-95836: His Formas diferenciais e aplicações, 1983
- Information found:
(hdg. on CU rept.: Carmo, Manfredo Perdigão de; usage: Manfredo Perdigão do Carmo)
670 ## - SOURCE DATA FOUND
- Source citation:
LC data base, 7/5/89
- Information found:
(hdg.: Carmo, Manfredo Perdigão do)
670 ## - SOURCE DATA FOUND
- Source citation:
His Riemannian geometry, 1992:
- Information found:
CIP t.p. (Manfredo do Carmo) t.p. verso (Inst. de Matematica Pura e Aplicada, Rio de Janeiro, Brazil) data sheet (b. 8-15-28)
670 ## - SOURCE DATA FOUND
- Source citation:
Differential geometry of curves and surfaces, 1976:
- Information found:
t.p. (Manfredo P. do Carmo) verso t.p. (Manfredo Perdigao do Carmo)